000 00293nam a22001337a 4500
008 190223b xxu||||| |||| 00| 0 eng d
020 _a9780321560155
041 _aeng
080 _a611
100 _a6
101 _aANA
245 _aVisual Anatomy & Physiology
_cMartini
942 _2udc
_cBK
999 _c54150
_d54150